000
00310nam a2200121Ia 4500
008
240624s9999 xx 000 0 und d
041
_a
eng
082
_a
658.4 PRA
100
_a
PRAHALAD C K
245
_a
FUTURE OF COMPETITION CO CREATING UNIQUE
260
_c
2009
_a
New Delhi
_b
Penguin Portfolio
365
_c
RS
999
_c
24403
_d
24403